Statistics for Letter Equations Quiz #2

Click here to take the quiz!

General Stats

  • This quiz has been taken 33,256 times
  • The average score is 10 of 24

Answer Stats

Equation Answer % Correct
60 S in a MSeconds in a Minute
97%
360 D in a CDegrees in a Circle
75%
100 Y in a CYears in a Century
74%
7 W of the WWonders of the World
62%
25 C in a QCents in a Quarter
60%
3 F in a YFeet in a Yard
57%
2001: A S OA Space Odyssey
55%
40 D of LDays of Lent
55%
100 C in a DCents in a Dollar
52%
1066: The B of HThe Battle of Hastings
44%
99 B of B on the WBottles of Beer on the Wall
42%
26.2 M in a MMiles in a Marathon
41%
21 J SJump Street
33%
12/7/1941: A D W W L in IA Date Which Will Live in Infamy
30%
867-5309 JJenny
30%
3 S to the WSheets to the Wind
27%
9 L of a CLives of a Cat
22%
13 S on the A FStripes on the American Flag
19%
12 D of JDisciples of Jesus
19%
3 S, Y O!Strikes, You're Out!
19%
21 G SGun Salute
14%
9 J on the S CJustices on the Supreme Court
12%
31 B R FBaskin Robbins Flavors
11%
40 A and a MAcres and a Mule
8%

Score Distribution

Percentile by Number Answered

Percent of People with Each Score

Your Score History

You have not taken this quiz